Fundamentals of horticulture / (Record no. 4330)

MARC details
000 -LEADER
fixed length control field 00711nam a22002417a 4500
001 - CONTROL NUMBER
control field BD-DhSAU 4330
003 - CONTROL NUMBER IDENTIFIER
control field BD-DhSAU
005 - DATE AND TIME OF LATEST TRANSACTION
control field 20150216132631.0
008 - FIXED-LENGTH DATA ELEMENTS--GENERAL INFORMATION
fixed length control field 150216b1975 nyub||||r|||| 001 0 eng d
040 ## - CATALOGING SOURCE
Original cataloging agency BD-DhSAU
082 ## - DEWEY DECIMAL CLASSIFICATION NUMBER
Edition number 22
Classification number 635
Item number EDF
100 ## - MAIN ENTRY--PERSONAL NAME
Personal name Edmond, J. B.
245 ## - TITLE STATEMENT
Title Fundamentals of horticulture /
Statement of responsibility, etc. J. B. Edmond, T. L. Senn and F. S. Andrews, R. G. Halfacre
250 ## - EDITION STATEMENT
Edition statement 4th ed.
260 ## - PUBLICATION, DISTRIBUTION, ETC. (IMPRINT)
Place of publication, distribution, etc. New York :
Name of publisher, distributor, etc. McGraw-Hill Book Company ,
Date of publication, distribution, etc. c1975.
300 ## - PHYSICAL DESCRIPTION
Extent xi, 560 p. :
Other physical details ill. ;
Dimensions 22 cm.
504 ## - BIBLIOGRAPHY, ETC. NOTE
Bibliography, etc Includes bibliographical references & index.
590 ## - Name of Cataloguer
Name of Cataloger Jerin
650 ## - SUBJECT ADDED ENTRY--TOPICAL TERM
Topical term or geographic name as entry element Horticulture.
700 ## - ADDED ENTRY--PERSONAL NAME
Personal name Senn, T. L.
700 ## - ADDED ENTRY--PERSONAL NAME
Personal name Andrews, F. S.
700 ## - ADDED ENTRY--PERSONAL NAME
Personal name Halfacre, R. G.
942 ## - ADDED ENTRY ELEMENTS (KOHA)
Source of classification or shelving scheme Dewey Decimal Classification
Koha item type Book
Holdings
Withdrawn status Lost status Source of classification or shelving scheme Damaged status Not for loan Home library Branch Name Shelving location Date acquired Total Checkouts Full call number Barcode Date last seen Price effective from Koha item type Collection code
    Dewey Decimal Classification     SAU Library SAU Library General Stacks 22/01/1982   635 EDF 8239 16/02/2015 16/02/2015 Book  
    Dewey Decimal Classification   Not For Loan SAU Library SAU Library Reference 24/10/1979   635 EDF 4484 16/04/2015 16/04/2015 Book Reference